000 00343nam a2200157Ia 4500
003 Ost
005 20260225132551.0
008 260225s9999||||xx |||||||||||||| ||und||
040 _cfsic
041 _afre
082 _a791.43
100 _aA.R T
_eAuteur
245 0 _aL'univers de francois truffant /
245 0 _cA.R T
942 _cكتاب
999 _c34153
_d34153